Jean Sibelius /

Bibliographic Details
Main Author: Rickards, Guy
Format: Book
Language:English
Published: London : Phaidon Press, 1997.
Series:20th-century composers.
Subjects:

MARC

Tag First Indicator Second Indicator Subfields
LEADER 00000cam a2200000 a 4500
001 in00001403715
005 20151020053136.0
008 970926s1997 enka b 001 0 eng d
020 |a 0714835811 
035 |a (OCoLC)37689807 
035 |9 AHM7169AM 
040 |a ESU  |c ESU  |d IAO  |d TXA  |d UtOrBLW 
049 |a TXAM 
090 |a ML410.S54  |b R5 1997 
092 |a 780.9 SIB  |b /RIC 
100 1 |a Rickards, Guy. 
245 1 0 |a Jean Sibelius /  |c by Guy Rickards. 
264 1 |a London :  |b Phaidon Press,  |c 1997. 
300 |a 240 pages :  |b illustrations ;  |c 22 cm. 
336 |a text  |b txt  |2 rdacontent 
337 |a unmediated  |b n  |2 rdamedia 
338 |a volume  |b nc  |2 rdacarrier 
490 1 |a 20th-century composers 
504 |a Discography: pages 228-233. 
504 |a Includes bibliographical references and index. 
600 1 0 |a Sibelius, Jean,  |d 1865-1957. 
650 0 |a Composers  |z Finland  |v Biography. 
830 0 |a 20th-century composers. 
999 |a MARS 
999 f f |s 5caae238-5d43-32de-98ea-fd9899eead93  |i fa40911f-238b-3e52-9542-f89865a0e71a  |t 0 
952 f f |p ric  |a Texas A&M University  |b Rellis Campus  |c Joint Library Facility  |d Remote Storage  |t 0  |e ML410.S54 R5 1997  |h Library of Congress classification  |i unmediated -- volume  |m A14821549236 
998 f f |a ML410.S54 R5 1997  |t 0  |l Remote Storage